Comment les pays africains ont accédé à l'indépendance - Statistiques

Statistiques générales
  • Ce quiz a été pris 250 fois
    231 depuis la dernière actualisation
  • Le résultat moyen est 44 sur 53
Statistiques - réponses
Pays Pays/Empire % Correct
Algérie Empire français/ France
100%
Bénin Empire français/ France
100%
Burkina Faso Empire français/ France
100%
Cameroun Empire français/ France
100%
République Centrafricaine Empire français/ France
100%
Tchad Empire français/ France
100%
Comores Empire français/ France
100%
République du Congo Empire français/ France
100%
Djibouti Empire français/ France
100%
Gabon Empire français/ France
100%
Guinée Empire français/ France
100%
Côte d'Ivoire Empire français/ France
100%
Madagascar Empire français/ France
100%
Mali Empire français/ France
100%
Mauritanie Empire français/ France
100%
Maroc Empire français/ France
100%
Niger Empire français/ France
100%
Sénégal Empire français/ France
100%
Togo Empire français/ France
100%
Tunisie Empire français/ France
100%
Angola Empire portugais/ Portugal
96%
Cabo Verde Empire portugais/ Portugal
96%
Guinée-Bissau Empire portugais/ Portugal
96%
Mozambique Empire portugais/ Portugal
96%
Sao Tomé-et-Principe Empire portugais/ Portugal
96%
Burundi Belgique
88%
République Démocratique du Congo Belgique
88%
Rwanda Belgique
88%
Somalie Empire britannique/ UK | Italie
86%
Libye Italie
80%
Soudan du Sud Soudan
67%
Botswana Empire britannique/ UK
65%
Égypte Empire britannique/ UK
65%
Eswatini Empire britannique/ UK
65%
Gambie Empire britannique/ UK
65%
Ghana Empire britannique/ UK
65%
Kenya Empire britannique/ UK
65%
Lesotho Empire britannique/ UK
65%
Malawi Empire britannique/ UK
65%
Maurice Empire britannique/ UK
65%
Nigeria Empire britannique/ UK
65%
Seychelles Empire britannique/ UK
65%
Sierra Leone Empire britannique/ UK
65%
Afrique du Sud Empire britannique/ UK
65%
Soudan Empire britannique/ UK
65%
Tanzanie Empire britannique/ UK
65%
Ouganda Empire britannique/ UK
65%
Zambie Empire britannique/ UK
65%
Zimbabwe Empire britannique/ UK
65%
Namibie Afrique du Sud
61%
Liberia états-unis d'Amérique/ USA
58%
Érythrée Éthiopie
58%
Guinée Équatoriale Empire espagnol/ Spain
37%
Aucun quiz correspondant
Distribution des résultats
% des personnes avec chaque résultat
Percentile par nombre de réponses
Votre historique - résultats
Vous n’avez pas pris ce quiz depuis la dernière actualisation